Pays aux plus gros budgets militaires - Statistiques

Statistiques générales
  • Ce quiz a été pris 356 fois
  • Le résultat moyen est 14 sur 16
Statistiques - réponses
Budget (En Milliards d'euros Pays % Correct
261 Chine
100%
732 USA
100%
65,1 Russie
99%
50,1 France
98%
48,7 Royaume-uni
93%
49,3 Allemagne
92%
71,1 Inde
91%
47,6 Japon
90%
22,2 Canada
86%
43,9 Corée du sud
84%
26,9 Brésil
83%
26,8 Italie
79%
25,9 Australie
78%
20,4 Turquie
65%
20,5 Israel
62%
61,9 Arabie saoudite
61%
Aucun quiz correspondant
Distribution des résultats
% des personnes avec chaque résultat
Percentile par nombre de réponses
Votre historique - résultats
Vous n’avez pas pris ce quiz